Formula 1: Driver with Most Starts by Country - Statistics

General Stats
  • This quiz has been taken 1,010 times
    104 since last reset
  • The average score is 26 of 41
Answer Stats
Country Driver Active years Races started % Correct
United Kingdom Lewis Hamilton 2007- 380
97%
Australia Daniel Ricciardo 2011-2024 257
96%
Netherlands Max Verstappen 2015- 233
95%
Germany Michael Schumacher 1991-2006, 2010-2012 307
95%
Spain Fernando Alonso 2001, 2003-2018, 2021- 425
94%
Finland Kimi Räikkönen 2001-2009, 2012-2021 349
94%
Canada Lance Stroll 2017- 189
94%
Monaco Charles Leclerc 2018- 171
92%
Denmark Kevin Magnussen 2014-2020, 2022-2024 185
91%
Mexico Sergio Pérez 2011-2024 281
91%
Thailand Alexander Albon 2019-2020, 2022- 128
90%
Poland Robert Kubica 2006-2010, 2019 99
90%
Japan Yuki Tsunoda 2021-2025 111
90%
Colombia Juan Pablo Montoya 2001-2006 94
88%
China Zhou Guanyu 2022-2024 68
88%
Brazil Rubens Barrichello 1993-2011 323
84%
Russia Daniil Kvyat 2014-2017, 2019-2020 110
83%
Venezuela Pastor Maldonado 2011-2015 95
78%
United States Mario Andretti 1968-1972, 1974-1982 128
76%
South Africa Jody Scheckter 1972-1980 112
75%
Austria Gerhard Berger 1984-1997 210
74%
Argentina Carlos Reutemann 1972-1982 146
69%
Italy Riccardo Patrese 1977-1993 256
61%
Sweden Ronnie Peterson 1970-1978 123
60%
Switzerland Clay Regazzoni 1970-1980 132
59%
New Zealand Denny Hulme 1965-1974 112
59%
France Jean Alesi 1989-2001 201
58%
Belgium Thierry Boutsen 1983-1993 163
52%
Malaysia Alex Yoong 2001-2002 14
35%
India Narain Karthikeyan 2005, 2011-2012 46
34%
Portugal Tiago Monteiro 2005-2006 37
30%
Indonesia Rio Haryanto 2016 12
28%
Rhodesia John Love 1962-1965, 1967-1972 9
27%
Hungary Zsolt Baumgartner 2003-2004 20
27%
Ireland Derek Daly 1978-1982 49
25%
Chile Eliseo Salazar 1981-1983 24
20%
Czech Republic Tomáš Enge 2001 3
19%
Liechtenstein Rikky von Opel 1973-1974 10
16%
Morocco Robert La Caze 1958 1
8%
Uruguay Eitel Cantoni 1952 3
5%
East Germany Ernst Klodwig, Rudolf Krause 1952-1953 2
5%
No matching quizzes found
Score Distribution
Percent of People with Each Score
Percentile by Number Answered
Your Score History
You have not taken this quiz since the last reset